000 00239nam a2200097Ia 4500
001 679976
005 20250826161332.0
008 250824s9999 xx 000 0 und d
245 0 _aHUCKLEBERRY FINN
_cMARK TWAİN
260 _bKARATAY GENÇLİK
999 _c679976
_d679976